000 00308nam a22001457a 4500
008 230529b ||||| |||| 00| 0 eng d
020 _a9782080703613
041 _aFRA
080 _a82
082 _a82CAZ
100 _a38
101 _aGJL
245 _aLE DIABLE AMOUREUX
_cCAZOTTE.J
942 _2udc
_cBK
999 _c59866
_d59866